Statistics for British Princes by Their Subsidiary Titles

Click here to take the quiz!

General Stats

  • This quiz has been taken 214 times
    (16 since last reset)
  • The average score is 5 of 6

Answer Stats

HintAnswer% Correct
Duke of Cornwall
Duke of Rothesay
Duke of Cambridge
etc.
Prince William, Prince of Wales
100%
Earl of Inverness
Baron Killyleagh
Prince Andrew, Duke of York
93%
Earl of St. Andrews
Baron Downpatrick
Prince Edward, Duke of Kent
87%
Earl of Dumbarton
Baron Kilkeel
Prince Harry, Duke of Sussex
87%
Earl of Fofar
Viscount Severn
Prince Edward, Earl of Wessex
80%
Earl of Ulster
Baron Culloden
Prince Richard, Duke of Gloucester
53%

Score Distribution

Percentile by Number Answered

Percent of People with Each Score

Your Score History

You have not taken this quiz since the last reset